Proceedings of the Annual Meeting (American Society of International Law)

محفوظ في:

التنسيق: دورية

اللغة: Undetermined

منشور في: JSTOR
Cambridge University Press

الوصول للمادة أونلاين: Login to view Source

الوسوم: إضافة وسم

لا توجد وسوم, كن أول من يضع وسما على هذه التسجيلة!

رقم الطلب:

LEADER 00533nas a2200157Ia 4500
008 220214c99999999xx |||||||||||| ||und||
022 |a 0272-5037 
022 |a 2169-1118 
245 0 0 |a Proceedings of the Annual Meeting (American Society of International Law) 
264 1 |b JSTOR 
264 1 |b Cambridge University Press 
362 0 |a Vol. 68(1974)-111 (2017) 
856 4 0 |u https://www.jstor.org/journal/procannmeetasil 
942 |c JL 
952 |0 0  |1 0  |4 0  |7 1  |9 36745  |a JSR  |b JSR  |d 2022-02-14  |l 0  |r 2022-02-14 00:00:00  |w 2022-02-14  |y JL 
999 |c 45077  |d 45077